000 00291nam a22001337a 4500
003 SGT
082 _a611
_bA14G
100 _aGRAY,HENRY
245 _aANATOMY DESCRIPTIVE AND SURGICAL
260 _aDELHI
_bTAJ BOOK INTERNATIONAL
_c2014
300 _a304
650 _aANATOMY
942 _2ddc
_cBK
999 _c8504
_d8504